000 00315nam a22001337a 4500
008 170727b xxu||||| |||| 00| 0 eng d
020 _a0133351416
041 _aeng
080 _a004
100 _a31
101 _aSHK
245 _aFUNDAMENTAL COMPUTER PROGRAMMING USIGN FOPTRAN 77
_cGROUT,J.C
942 _2udc
_cBK
999 _c22019
_d22019